Normal view
MARC view
Entry Personal Name
001 - CONTROL NUMBER
- control field: 7279
003 - CONTROL NUMBER IDENTIFIER
- control field: OSt
005 - DATE AND TIME OF LATEST TRANSACTION
- control field: 20190723094011.0
008 - FIXED-LENGTH DATA ELEMENTS
- fixed length control field: 190723|| aca||aabn | a|a d
040 ## - CATALOGING SOURCE
- Original cataloging agency: OSt
- Transcribing agency: OSt
100 ## - HEADING--PERSONAL NAME
- Personal name: Andersen, Lotte Bogh
670 ## - SOURCE DATA FOUND
- Source citation: Work cat.: (OSt): Jensen, Ulrich Thy 7275, Only when we agree! how value congruence moderates the impact of goal-oriented leadership on public service motivation, 2019
